[Event "43rd Blackpool Chess Conference 2019"]
[Site "Blackpool"]
[Date "2019.03.09"]
[Round "3.5"]
[White "Tarr, Steve F"]
[Black "Ellames, Roy"]
[Result "0-1"]
[WhiteElo "1680"]
[BlackElo "2035"]
[Annotator "NA RC"]
[PlyCount "74"]
[EventDate "2019.03.08"]
[EventType "swiss"]
[EventCountry "ENG"]
[SourceTitle "playchess.com"]
[Source "ChessBase"]
[SourceQuality "1"]
[TimeControl "6600+10"]

1. d4 {[%emt 0:01:36]} e6 {[%emt 0:01:30]} 2. Nf3 {[%emt 0:01:10]} Nf6 {[%emt 0:01:08]} 3. Bf4 {[%emt 0:00:48]} d5 {[%emt 0:00:13]} 4. e3 {[%emt 0:01:27]} Bd6 {[%emt 0:00:26]} 5. Bg3 {[%emt 0:00:43]} O-O {[%emt 0:00:17]} 6. Bd3 {[%emt 0:02:11]} b6 {[%emt 0:05:09]} 7. Ne5 {[%emt 0:11:37] D02: 1 d4 d5 2 Nf3 sidelines, including 2...Nf6 3 g3 and 2...Nf6 3 Bf4} (7. Nbd2 Bb7 8. Bh4 Nbd7 9. O-O c5 10. c3 Qb8 11. Qb1 a5 12. Re1 h6 13. a4 Bc6 14. Bg3 Bxg3 15. hxg3 {½-½ (87) Demidov,M (2520)-Van Foreest,J (2614) St Petersburg 2018}) 7... c5 {[%emt 0:02:25]} 8. c3 {[%emt 0:00:50]} Bb7 {[%emt 0:01:12]} 9. Bh4 {[%emt 0:11:25]} Be7 {[%emt 0:04:23]} 10. Nd2 {[%emt 0:11:55]} Ne4 {[%emt 0:10:07]} 11. Bg3 $146 {[%emt 0:06:53]} ({Predecessor:} 11. Bxe7 Qxe7 12. O-O f6 13. Nef3 Nxd2 14. Nxd2 {0-1 (58) Zschaebitz,K (2086)-Federau,J (2220) Berlin 2005}) 11... f6 {[%emt 0:09:18]} 12. Nef3 {[%emt 0:06:05]} Nd7 {[%emt 0:05:14]} 13. Qc2 {[%emt 0:02:04]} f5 {[%emt 0:01:41]} 14. Ne5 {[%emt 0:09:26]} a6 {[%emt 0:22:47]} 15. Nxd7 {[%emt 0:06:13]} Qxd7 {[%emt 0:01:35]} 16. Be5 {[%emt 0:02:58]} Bc6 {[%emt 0:18:09]} 17. Nf3 {[%emt 0:06:50]} Bb5 {[%emt 0:03:24]} 18. O-O {[%emt 0:04:12]} Bxd3 {[%emt 0:00:41]} 19. Qxd3 {[%emt 0:00:14]} c4 {[%emt 0:00:25]} 20. Qc2 {[%emt 0:01:51]} b5 {[%emt 0:01:34]} 21. Nd2 {[%emt 0:01:18]} a5 {[%emt 0:04:54]} 22. a3 {[%emt 0:05:18]} Nf6 {[%emt 0:03:24]} 23. f3 {[%emt 0:01:46]} Qb7 {[%emt 0:02:00]} 24. Rae1 {[%emt 0:02:33]} g6 {[%emt 0:05:17]} 25. Re2 {[%emt 0:05:14]} Ra6 {[%emt 0:01:06]} 26. Ref2 {[%emt 0:02:33]} Nd7 {[%emt 0:00:35]} 27. f4 {[%emt 0:01:14]} b4 {[%emt 0:00:36]} 28. axb4 {[%emt 0:01:27]} axb4 {[%emt 0:00:02]} 29. cxb4 {[%emt 0:00:30]} Qxb4 {[%emt 0:00:42]} 30. Qd1 $2 {[%emt 0:01:29]} (30. Nb1 $17) 30... Nxe5 {[%emt 0:01:27]} 31. fxe5 {[%emt 0:00:23]} Bg5 {[%emt 0:00:57]} 32. Re2 {[%emt 0:00:41]} Ra2 {[%emt 0:00:56]} 33. Nf3 {[%emt 0:00:12]} Bh6 {[%emt 0:00:17]} 34. Qd2 $2 {[%emt 0:00:13]} (34. Qe1 {is a better chance.} Qxe1 35. Rfxe1) 34... Qxd2 {[%emt 0:00:15]} 35. Nxd2 {[%emt 0:00:08]} Rxb2 {[%emt 0:00:04]} 36. Kh1 $19 {[%emt 0:00:12]} c3 {[%emt 0:00:10]} 37. Rb1 {[%emt 0:00:31]} Ra8 {[%emt 0:01:50]} 0-1

[Event "43rd Blackpool Chess Conference 2019"]
[Site "Blackpool"]
[Date "2019.03.09"]
[Round "3.7"]
[White "Gayson, Peter M"]
[Black "Watson, Phil R"]
[Result "1/2-1/2"]
[WhiteElo "2121"]
[BlackElo "2132"]
[Annotator "NA"]
[PlyCount "36"]
[EventDate "2019.03.08"]
[EventType "swiss"]
[EventCountry "ENG"]
[SourceTitle "playchess.com"]
[Source "ChessBase"]
[SourceQuality "1"]
[TimeControl "6600+10"]

1. e4 {[%emt 0:15:06]} c6 {[%emt 0:00:08]} 2. d4 {[%emt 0:00:10]} d5 {[%emt 0:00:07]} 3. e5 {[%emt 0:00:19]} Bf5 {[%emt 0:00:11]} 4. Nf3 {[%emt 0:00:14]} e6 {[%emt 0:00:08]} 5. Be2 {[%emt 0:00:27]} h6 {[%emt 0:00:29]} 6. O-O {[%emt 0:00:28]} Ne7 {[%emt 0:01:03]} 7. b3 {[%emt 0:01:18]} Ng6 {[%emt 0:00:55]} 8. c4 {[%emt 0:00:32]} Nh4 {[%emt 0:06:04]} 9. Nc3 {[%emt 0:03:40]} Bb4 {[%emt 0:02:36]} 10. Bb2 {[%emt 0:06:15]} O-O {[%emt 0:01:37]} 11. Rc1 {[%emt 0:11:00]} Bg4 {[%emt 0:07:09]} 12. Nxh4 {[%emt 0:04:02]} Bxe2 {[%emt 0:00:15]} 13. Qxe2 {[%emt 0:03:03]} Qxh4 {[%emt 0:01:08]} 14. cxd5 {[%emt 0:06:40]} cxd5 {[%emt 0:18:17]} 15. a3 {[%emt 0:22:55]} Bxc3 {[%emt 0:01:30]} 16. Rxc3 {[%emt 0:07:50]} Nc6 {[%emt 0:04:35]} 17. Rh3 {[%emt 0:00:57]} Qf4 {[%emt 0:05:46]} 18. Rd1 {[%emt 0:04:49]} Rac8 {[%emt 0:05:52]} 1/2-1/2

[Event "43rd Blackpool Chess Conference 2019"]
[Site "Blackpool"]
[Date "2019.03.09"]
[Round "3.8"]
[White "Sucikova, Svetlana"]
[Black "Merriman, John"]
[Result "0-1"]
[WhiteElo "2110"]
[BlackElo "2238"]
[Annotator "NA"]
[PlyCount "56"]
[EventDate "2019.03.08"]
[EventType "swiss"]
[EventCountry "ENG"]
[SourceTitle "playchess.com"]
[Source "ChessBase"]
[SourceQuality "1"]
[TimeControl "6600+10"]

1. e3 {[%emt 0:00:00]} d5 {[%emt 0:02:42]} 2. Nf3 {[%emt 0:00:00]} Nf6 {[%emt 0:00:21]} 3. b3 {[%emt 0:00:16]} Bg4 {[%emt 0:01:31]} 4. Bb2 {[%emt 0:00:39]} Nbd7 {[%emt 0:00:43]} 5. Be2 {[%emt 0:00:13]} c6 {[%emt 0:05:48]} 6. h3 {[%emt 0:01:28]} Bxf3 {[%emt 0:03:46]} 7. Bxf3 {[%emt 0:00:22]} e5 {[%emt 0:00:05]} 8. d3 {[%emt 0:00:49]} Bb4+ {[%emt 0:03:26]} 9. Nd2 {[%emt 0:00:25]} Qe7 {[%emt 0:03:44]} 10. O-O {[%emt 0:05:13]} e4 {[%emt 0:05:17]} 11. Be2 {[%emt 0:04:22]} O-O-O {[%emt 0:04:01]} 12. dxe4 {[%emt 0:03:34]} dxe4 {[%emt 0:00:31]} 13. Nc4 {[%emt 0:00:04]} Nb6 {[%emt 0:08:09]} 14. Qc1 {[%emt 0:03:03]} Nxc4 {[%emt 0:01:31]} 15. Bxc4 {[%emt 0:04:01]} Rd7 {[%emt 0:02:08]} 16. Bd4 {[%emt 0:04:14]} Kb8 {[%emt 0:00:33]} 17. a3 {[%emt 0:00:12]} Bd6 {[%emt 0:04:00]} 18. b4 {[%emt 0:01:38]} Bc7 {[%emt 0:08:05]} 19. Be2 {[%emt 0:05:55]} h5 {[%emt 0:00:47]} 20. Rd1 {[%emt 0:05:27]} Rd5 {[%emt 0:16:09]} 21. c4 {[%emt 0:03:59]} Rg5 {[%emt 0:00:54]} 22. c5 {[%emt 0:02:29]} Rh6 {[%emt 0:01:16]} 23. h4 {[%emt 0:09:56]} Rf5 {[%emt 0:00:19]} 24. b5 {[%emt 0:15:25]} Nd5 {[%emt 0:04:09]} 25. g3 {[%emt 0:05:10]} Rg6 {[%emt 0:00:59]} 26. Bf1 {[%emt 0:00:28]} Qxh4 {[%emt 0:05:03]} 27. Bg2 {[%emt 0:00:11]} Rxg3 {[%emt 0:00:53]} 28. f4 {[%emt 0:09:16]} exf3 {[%emt 0:01:04]} 0-1

[Event "43rd Blackpool Chess Conference 2019"]
[Site "Blackpool"]
[Date "2019.03.09"]
[Round "3.9"]
[White "Han, Yichen"]
[Black "Burnett, Jim"]
[Result "1-0"]
[WhiteElo "2190"]
[BlackElo "1996"]
[Annotator "NA"]
[PlyCount "85"]
[EventDate "2019.03.08"]
[EventType "swiss"]
[EventCountry "ENG"]
[SourceTitle "playchess.com"]
[Source "ChessBase"]
[SourceQuality "1"]
[TimeControl "6600+10"]

1. e4 {[%emt 0:15:11]} e6 {[%emt 0:00:00]} 2. d4 {[%emt 0:00:11]} d5 {[%emt 0:00:01]} 3. Nc3 {[%emt 0:00:03]} Bb4 {[%emt 0:00:05]} 4. exd5 {[%emt 0:00:19]} exd5 {[%emt 0:00:07]} 5. Bd3 {[%emt 0:00:12]} Ne7 {[%emt 0:00:38]} 6. Qh5 {[%emt 0:01:09]} Be6 {[%emt 0:01:57]} 7. Nf3 {[%emt 0:05:11]} Qd7 {[%emt 0:01:35]} 8. Ne5 {[%emt 0:04:01]} Qc8 {[%emt 0:01:31]} 9. O-O {[%emt 0:02:45]} Nd7 {[%emt 0:01:12]} 10. a3 {[%emt 0:08:00]} Bxc3 {[%emt 0:01:59]} 11. bxc3 {[%emt 0:00:16]} Nf6 {[%emt 0:05:25]} 12. Qe2 {[%emt 0:00:51]} h6 {[%emt 0:08:24]} 13. f4 {[%emt 0:02:58]} Bf5 {[%emt 0:01:34]} 14. Bxf5 {[%emt 0:03:45]} Qxf5 {[%emt 0:00:21]} 15. Qb5+ {[%emt 0:00:11]} c6 {[%emt 0:02:27]} 16. Qxb7 {[%emt 0:00:28]} Rc8 {[%emt 0:02:01]} 17. Qxa7 {[%emt 0:02:00]} Qxc2 {[%emt 0:01:38]} 18. Re1 {[%emt 0:06:07]} Ne4 {[%emt 0:02:20]} 19. Qd7+ {[%emt 0:00:19]} Kf8 {[%emt 0:00:06]} 20. Be3 {[%emt 0:00:05]} Nf6 {[%emt 0:01:21]} 21. Qb7 {[%emt 0:02:29]} Qxc3 {[%emt 0:00:49]} 22. a4 {[%emt 0:09:13]} Qa5 {[%emt 0:02:20]} 23. Rec1 {[%emt 0:01:50]} Rc7 {[%emt 0:02:17]} 24. Qb3 {[%emt 0:03:19]} Ne4 {[%emt 0:03:13]} 25. Rab1 {[%emt 0:00:46]} f6 {[%emt 0:00:28]} 26. Nd3 {[%emt 0:02:12]} Kf7 {[%emt 0:00:19]} 27. Nc5 {[%emt 0:05:42]} Nd6 {[%emt 0:01:54]} 28. Bf2 {[%emt 0:00:55]} Re8 {[%emt 0:05:15]} 29. Be1 {[%emt 0:01:13]} Qa8 {[%emt 0:00:27]} 30. Qd3 {[%emt 0:07:39]} Qc8 {[%emt 0:02:39]} 31. a5 {[%emt 0:01:20]} Ng6 {[%emt 0:01:18]} 32. Bg3 {[%emt 0:02:44]} Rce7 {[%emt 0:01:33]} 33. Qa6 {[%emt 0:01:20]} Nf5 {[%emt 0:02:26]} 34. Qxc8 {[%emt 0:00:46]} Rxc8 {[%emt 0:00:06]} 35. Rb4 {[%emt 0:00:38]} h5 {[%emt 0:00:38]} 36. Nd3 {[%emt 0:01:43]} Rcc7 {[%emt 0:03:18]} 37. a6 {[%emt 0:00:39]} h4 {[%emt 0:01:09]} 38. Bf2 {[%emt 0:00:35]} Nf8 {[%emt 0:00:52]} 39. Rb6 {[%emt 0:01:23]} Ne6 {[%emt 0:01:01]} 40. Rcxc6 {[%emt 0:01:27]} Nexd4 {[%emt 0:01:06]} 41. Rxc7 {[%emt 0:00:32]} Rxc7 {[%emt 0:00:02]} 42. Rb7 {[%emt 0:00:45]} Ne6 {[%emt 0:02:20]} 43. Bb6 {[%emt 0:01:40]} 1-0

[Event "43rd Blackpool Chess Conference 2019"]
[Site "Blackpool"]
[Date "2019.03.09"]
[Round "3.10"]
[White "Allis, Richard"]
[Black "Harkness, Bryan"]
[Result "1-0"]
[WhiteElo "2052"]
[BlackElo "1935"]
[Annotator "NA"]
[PlyCount "71"]
[EventDate "2019.03.08"]
[EventType "swiss"]
[EventCountry "ENG"]
[SourceTitle "playchess.com"]
[Source "ChessBase"]
[SourceQuality "1"]
[TimeControl "6600+10"]

1. d4 {[%emt 0:00:00]} Nf6 {[%emt 0:00:03]} 2. Nf3 {[%emt 0:00:00]} g6 {[%emt 0:00:17]} 3. Bg5 {[%emt 0:00:02]} Ne4 {[%emt 0:02:41]} 4. Bf4 {[%emt 0:00:19]} Bg7 {[%emt 0:00:19]} 5. Nbd2 {[%emt 0:00:14]} d5 {[%emt 0:06:15]} 6. c3 {[%emt 0:00:18]} Nxd2 {[%emt 0:07:39]} 7. Qxd2 {[%emt 0:00:38]} Nd7 {[%emt 0:00:23]} 8. e3 {[%emt 0:00:30]} O-O {[%emt 0:00:18]} 9. Bd3 {[%emt 0:00:24]} Re8 {[%emt 0:09:50]} 10. O-O {[%emt 0:00:50]} e5 {[%emt 0:00:55]} 11. dxe5 {[%emt 0:00:35]} Nxe5 {[%emt 0:00:10]} 12. Nxe5 {[%emt 0:00:28]} Bxe5 {[%emt 0:00:11]} 13. Bxe5 {[%emt 0:00:04]} Rxe5 {[%emt 0:00:07]} 14. Bc2 {[%emt 0:00:09]} Qh4 {[%emt 0:10:21]} 15. Qd4 {[%emt 0:00:16]} Qxd4 {[%emt 0:00:24]} 16. cxd4 {[%emt 0:00:08]} Re7 {[%emt 0:00:20]} 17. b4 {[%emt 0:00:12]} c6 {[%emt 0:00:30]} 18. Rfb1 {[%emt 0:00:47]} Rc7 {[%emt 0:18:35]} 19. Bd3 {[%emt 0:01:16]} a6 {[%emt 0:00:17]} 20. a4 {[%emt 0:00:30]} Kf8 {[%emt 0:00:31]} 21. Rc1 {[%emt 0:00:26]} Ke7 {[%emt 0:00:38]} 22. f3 {[%emt 0:00:41]} Kd6 {[%emt 0:04:11]} 23. e4 {[%emt 0:01:48]} f6 {[%emt 0:00:24]} 24. Kf2 {[%emt 0:02:35]} Bd7 {[%emt 0:00:51]} 25. h4 {[%emt 0:00:57]} Be8 {[%emt 0:02:57]} 26. g4 {[%emt 0:00:12]} h6 {[%emt 0:02:49]} 27. g5 {[%emt 0:00:23]} dxe4 {[%emt 0:08:14]} 28. fxe4 {[%emt 0:00:22]} fxg5 {[%emt 0:00:38]} 29. e5+ {[%emt 0:00:52]} Ke6 {[%emt 0:01:00]} 30. Bc4+ {[%emt 0:00:13]} Kf5 {[%emt 0:03:09]} 31. Ke3 {[%emt 0:00:18]} Kg4 {[%emt 0:02:56]} 32. Be6+ {[%emt 0:00:48]} Kh5 {[%emt 0:02:24]} 33. hxg5 {[%emt 0:00:06]} Kxg5 {[%emt 0:00:14]} 34. Rg1+ {[%emt 0:00:04]} Kh4 {[%emt 0:00:06]} 35. Rh1+ {[%emt 0:00:06]} Kg3 {[%emt 0:00:06]} 36. Rag1# {[%emt 1:38:29]} 1-0

[Event "43rd Blackpool Chess Conference 2019"]
[Site "Blackpool"]
[Date "2019.03.09"]
[Round "3.11"]
[White "Hamer, Martyn"]
[Black "Walker, Nicholas A"]
[Result "0-1"]
[WhiteElo "2064"]
[BlackElo "1976"]
[Annotator "NA RC"]
[PlyCount "62"]
[EventDate "2019.03.08"]
[EventType "swiss"]
[EventCountry "ENG"]
[SourceTitle "playchess.com"]
[Source "ChessBase"]
[SourceQuality "1"]
[TimeControl "6600+10"]

1. d4 {[%emt 0:00:00]} d5 {[%emt 0:01:50]} 2. c4 {[%emt 0:00:05]} Bf5 {[%emt 0:00:06]} 3. Nc3 {[%emt 0:02:58]} e6 {[%emt 0:02:57]} 4. Nf3 {[%emt 0:04:31]} Nf6 {[%emt 0:00:18]} 5. Bf4 {[%emt 0:03:25]} Bd6 {[%emt 0:01:11]} 6. Bg3 {[%emt 0:01:10]} Bxg3 {[%emt 0:01:02]} 7. hxg3 {[%emt 0:00:07]} c6 {[%emt 0:02:36]} 8. Nh4 {[%emt 0:06:02]} dxc4 {[%emt 0:02:17]} 9. Nxf5 {[%emt 0:01:07]} exf5 {[%emt 0:00:05]} 10. e3 {[%emt 0:04:03]} b5 {[%emt 0:00:23]} 11. Qc2 {[%emt 0:08:04]} g6 {[%emt 0:00:48]} 12. Be2 {[%emt 0:03:05]} Nbd7 {[%emt 0:02:36]} 13. Bf3 {[%emt 0:02:45]} Rc8 {[%emt 0:00:34]} 14. O-O {[%emt 0:04:46]} a6 {[%emt 0:03:00]} 15. a4 {[%emt 0:01:33]} Qb6 {[%emt 0:03:09]} 16. d5 {[%emt 0:07:37]} cxd5 {[%emt 0:00:49]} 17. Nxd5 {[%emt 0:00:07]} Nxd5 {[%emt 0:00:16]} 18. Bxd5 {[%emt 0:00:05]} O-O {[%emt 0:00:24]} 19. axb5 {[%emt 0:01:10]} axb5 {[%emt 0:00:15]} 20. Ra3 {[%emt 0:07:27]} b4 {[%emt 0:06:04]} 21. Raa1 {[%emt 0:00:59]} Qc5 {[%emt 0:03:34]} 22. Bf3 {[%emt 0:01:35]} Ne5 {[%emt 0:01:57]} 23. Be2 {[%emt 0:03:16]} Rfd8 {[%emt 0:04:53]} 24. Rfd1 {[%emt 0:02:46]} Rxd1+ {[%emt 0:07:46]} 25. Rxd1 {[%emt 0:00:14]} c3 {[%emt 0:02:22]} 26. bxc3 {[%emt 0:02:42]} bxc3 {[%emt 0:02:08]} 27. Rc1 {[%emt 0:01:45]} Qa3 {[%emt 0:01:34]} 28. Kf1 {[%emt 0:01:52]} Rc5 {[%emt 0:01:34]} 29. Ke1 {[%emt 0:03:06]} Nc6 {[%emt 0:04:16]} 30. Bd1 {[%emt 0:01:32]} Nb4 {[%emt 0:02:30]} 31. Qb1 {[%emt 0:00:09]} Qxc1 {[%emt 0:00:50]} 0-1

[Event "43rd Blackpool Chess Conference 2019"]
[Site "Blackpool"]
[Date "2019.03.09"]
[Round "3.12"]
[White "Frew, Elliot"]
[Black "Okhai, Shabir"]
[Result "1-0"]
[WhiteElo "2080"]
[BlackElo "2073"]
[Annotator "NA"]
[PlyCount "77"]
[EventDate "2019.03.08"]
[EventType "swiss"]
[EventCountry "ENG"]
[SourceTitle "playchess.com"]
[Source "ChessBase"]
[SourceQuality "1"]
[TimeControl "6600+10"]

1. e4 {[%emt 0:02:56]} e5 {[%emt 0:00:00]} 2. Nf3 {[%emt 0:00:28]} Nc6 {[%emt 0:00:04]} 3. Bb5 {[%emt 0:00:04]} a6 {[%emt 0:00:05]} 4. Ba4 {[%emt 0:00:05]} Nf6 {[%emt 0:00:04]} 5. Qe2 {[%emt 0:00:26]} b5 {[%emt 0:00:48]} 6. Bb3 {[%emt 0:00:04]} Be7 {[%emt 0:00:14]} 7. c3 {[%emt 0:00:25]} d6 {[%emt 0:01:25]} 8. O-O {[%emt 0:00:46]} O-O {[%emt 0:01:53]} 9. Rd1 {[%emt 0:00:17]} Na5 {[%emt 0:01:56]} 10. Bc2 {[%emt 0:00:11]} c5 {[%emt 0:00:10]} 11. d4 {[%emt 0:00:39]} Qc7 {[%emt 0:01:55]} 12. dxe5 {[%emt 0:00:32]} dxe5 {[%emt 0:00:07]} 13. Nbd2 {[%emt 0:01:49]} Rd8 {[%emt 0:02:25]} 14. Nf1 {[%emt 0:01:08]} Rxd1 {[%emt 0:00:09]} 15. Qxd1 {[%emt 0:00:05]} Bb7 {[%emt 0:00:49]} 16. Ng3 {[%emt 0:00:11]} Nc4 {[%emt 0:10:26]} 17. Qe2 {[%emt 0:10:07]} Nd7 {[%emt 0:03:50]} 18. Nf5 {[%emt 0:06:29]} Bf8 {[%emt 0:01:08]} 19. a4 {[%emt 0:01:11]} Rb8 {[%emt 0:19:22]} 20. axb5 {[%emt 0:04:19]} axb5 {[%emt 0:01:22]} 21. Bd3 {[%emt 0:03:40]} Nd6 {[%emt 0:00:46]} 22. Nxd6 {[%emt 0:02:59]} Qxd6 {[%emt 0:00:13]} 23. Bxb5 {[%emt 0:05:33]} Bxe4 {[%emt 0:00:21]} 24. Ra6 {[%emt 0:06:59]} Bxf3 {[%emt 0:13:47]} 25. Qxf3 {[%emt 0:00:33]} Rb6 {[%emt 0:03:51]} 26. Bc4 {[%emt 0:04:07]} Qf6 {[%emt 0:06:28]} 27. Ra7 {[%emt 0:06:19]} Qxf3 {[%emt 0:08:36]} 28. gxf3 {[%emt 0:00:06]} Rd6 {[%emt 0:00:07]} 29. Be3 {[%emt 0:00:27]} Be7 {[%emt 0:10:59]} 30. Kf1 {[%emt 0:05:02]} g6 {[%emt 0:08:00]} 31. Bxc5 {[%emt 0:03:35]} Nxc5 {[%emt 0:01:00]} 32. Rxe7 {[%emt 0:00:08]} Rf6 {[%emt 0:01:20]} 33. Ke2 {[%emt 0:07:23]} Na4 {[%emt 0:00:57]} 34. Rb7 {[%emt 0:02:00]} Rf4 {[%emt 0:00:28]} 35. Bd5 {[%emt 0:00:51]} Nc5 {[%emt 0:00:52]} 36. Ra7 {[%emt 0:01:21]} e4 {[%emt 0:03:31]} 37. fxe4 {[%emt 0:03:56]} g5 {[%emt 0:00:06]} 38. f3 {[%emt 0:01:14]} g4 {[%emt 0:00:07]} 39. fxg4 {[%emt 0:00:26]} 1-0

[Event "43rd Blackpool Chess Conference 2019"]
[Site "Blackpool"]
[Date "2019.03.10"]
[Round "4.1"]
[White "Ellames, Roy"]
[Black "McPhillips, Joseph"]
[Result "1/2-1/2"]
[WhiteElo "2035"]
[BlackElo "2407"]
[Annotator "TA"]
[PlyCount "68"]
[EventDate "2019.03.08"]
[EventType "swiss"]
[EventCountry "ENG"]
[SourceTitle "playchess.com"]
[Source "ChessBase"]
[SourceQuality "1"]

{[%evp 10,68,8,-23,11,7,6,15,22,21,18,0,11,17,72,58,78,65,134,0,0,-14,0,-85,-63,-79,-75,-108,-78,-87,-86,-84,-45,-37,-57,-113,-47,-51,0,0,0,0,0,0,0,0,0,0,183,177,183,0,0,0,0,0,0,0,0,0,0]} 1. c4 e5 2. Nc3 Nf6 3. Nf3 Nc6 4. e4 Bb4 5. d3 d6 6. g3 Nd7 {A28: English Opening: Four Knights Variation} (6... Bc5 {is interesting.} 7. Bg2 O-O 8. O-O a5 9. Nd5 h6) (6... a5 7. Bg2 Bg4 8. h3 Bxf3 9. Qxf3 Nd4 10. Qd1 a4 11. O-O a3 12. Nb5 Nxb5 13. cxb5 O-O 14. d4 exd4 15. Qxd4 {½-½ (34) Korobov,A (2715)-Eljanov,P (2707) Kiev 2013}) 7. a3 $146 ({Predecessor:} 7. Bg2 Nf8 8. Nh4 Ne6 9. O-O O-O 10. Kh1 Bc5 11. Nd5 Ncd4 12. b4 Bb6 13. Nf5 c6 14. Nxb6 axb6 {1-0 (33) Christiansen,L (2570)-Ashley,M (2460) San Francisco 1995}) 7... Bxc3+ 8. bxc3 h6 9. Bg2 O-O 10. Nh4 Nc5 11. O-O Ne7 (11... Re8 $11) 12. d4 $16 Nd7 13. f4 Kh7 (13... exf4 $14 14. Bxf4 (14. gxf4 Rb8 $14) 14... a6) 14. f5 (14. fxe5 $16 dxe5 15. Be3) 14... Nc6 $11 15. Be3 b6 16. Qc1 (16. Nf3 $11 {keeps the balance.}) 16... Nf6 17. Rd1 Qe7 18. c5 bxc5 19. dxc5 dxc5 20. Rd5 Nd7 21. Qd2 Na5 22. f6 ({White should try} 22. Qe2 $15) 22... Nxf6 (22... Qxf6 $17 {...Nb3 is the strong threat.} 23. Qe2 (23. Rxd7 $2 Nc4 $17) 23... Ba6) 23. Bxc5 $15 Qe8 (23... Qe6 $1 $15 24. Bxf8 {[%mdl 64] Discovered Attack} Nb3) 24. Bxf8 $11 {[%mdl 64] [#] Discovered Attack} Nb3 25. Qd1 Nxa1 26. Rd8 Qc6 27. Qxa1 {aiming for Qb2.} Qb6+ $1 28. Kh1 {Threatens to win with Qe1.} Bb7 $2 (28... Ng4 $1 $11 {and Black stays safe.}) 29. Rxa8 $18 Nxe4 {[#]} 30. Bxe4+ $2 (30. h3 $1 $18 Bxa8 31. Qe1) 30... Bxe4+ $11 {The position is equal.} 31. Ng2 Qf2 {[%csl Gf2][%cal Re4g2]} 32. Qg1 Bxg2+ 33. Qxg2 Qe1+ {[%mdl 64] Double Attack} 34. Qg1 Qe4+ {[%mdl 64] Double Attack. Accuracy: White = 39%, Black = 35%.} 1/2-1/2

[Event "43rd Blackpool Chess Conference 2019"]
[Site "Blackpool"]
[Date "2019.03.10"]
[Round "4.2"]
[White "Quillan, Gary"]
[Black "Hebden, Mark L"]
[Result "0-1"]
[WhiteElo "2353"]
[BlackElo "2417"]
[Annotator "TA"]
[PlyCount "60"]
[EventDate "2019.03.08"]
[EventType "swiss"]
[EventCountry "ENG"]
[SourceTitle "playchess.com"]
[Source "ChessBase"]
[SourceQuality "1"]

{[%evp 21,60,0,-4,-12,-12,-20,-18,-13,-14,-52,-41,-33,-35,-72,-32,-57,-1,-8,0,-49,-54,-28,-25,-46,0,0,0,0,-4,-9,0,-45,-32,-135,-66,-260,-270,-264,-151,-179,-180]} 1. e4 e5 2. Nf3 Nc6 3. Bb5 a6 4. Ba4 Nf6 5. O-O Be7 6. Re1 b5 7. Bb3 O-O 8. d4 Nxd4 9. Nxd4 exd4 10. e5 Ne8 11. Qxd4 Bb7 {[#] Strongly threatening ...c5.} (11... c5 $5 12. Qe4 $8 Rb8 $11) 12. Bd5 {C88: Closed Ruy Lopez: Anti-Marshall Systems} (12. c4 {is more complex.} c5 13. Qg4 b4 14. a3 f5 15. exf6 Nxf6 16. Qh3) (12. Qg4 c5 13. c4 d6 14. Bf4 dxe5 15. Bxe5 Bd6 16. Nc3 Nf6 17. Bxf6 Qxf6 18. cxb5 axb5 19. Nxb5 Be5 {0-1 (27) Short,N (2707)-Fressinet,L (2702) Bastia 2012}) 12... c5 13. Qe4 Bxd5 14. Qxd5 {The position is equal.} Nc7 15. Qe4 d5 16. exd6 Bxd6 {Hoping for ...Re8.} 17. Qg4 $146 ({Predecessor:} 17. Be3 Re8 18. Qf3 Nd5 19. c3 Nxe3 20. Rxe3 Rxe3 21. fxe3 Ra7 22. Nd2 Rd7 23. Ne4 Be7 {½-½ (23) Wade,R-Tylor,T Hastings 1953}) 17... f5 18. Qf3 Qh4 (18... Qf6 $15) 19. g3 $11 Qh3 20. Nc3 f4 $1 $40 {[%cal Rf4g3][%mdl 128] Black has some attack.} 21. Qg2 Qh5 22. Ne4 f3 23. Qf1 Be7 24. a4 Rae8 25. axb5 axb5 26. Be3 c4 27. b3 {[#]} (27. c3 $15) 27... Bb4 (27... cxb3 $1 $17 28. cxb3 Bb4) 28. Bd2 $2 ({White has to play} 28. c3 $1 $15) 28... Bxd2 $19 29. Nxd2 Qd5 (29... Re2 $19 30. Rxe2 fxe2) 30. Rxe8 Rxe8 {Accuracy: White = 29%, Black = 58%.} 0-1

[Event "43rd Blackpool Chess Conference 2019"]
[Site "Blackpool"]
[Date "2019.03.10"]
[Round "4.4"]
[White "Molano Lafuente, Ismael"]
[Black "Gayson, Peter M"]
[Result "1/2-1/2"]
[WhiteElo "1956"]
[BlackElo "2121"]
[Annotator "NA"]
[PlyCount "33"]
[EventDate "2019.03.08"]
[EventType "swiss"]
[EventCountry "ENG"]
[SourceTitle "playchess.com"]
[Source "ChessBase"]
[SourceQuality "1"]
[TimeControl "6600+10"]

1. e4 {[%emt 0:09:50]} c5 {[%emt 0:05:48]} 2. b3 {[%emt 0:00:01]} e6 {[%emt 0:00:34]} 3. Bb2 {[%emt 0:00:03]} a6 {[%emt 0:03:13]} 4. g3 {[%emt 0:00:14]} d5 {[%emt 0:02:04]} 5. Bg2 {[%emt 0:00:47]} dxe4 {[%emt 0:01:24]} 6. Bxe4 {[%emt 0:00:12]} Nf6 {[%emt 0:00:14]} 7. Bxf6 {[%emt 0:02:51]} Qxf6 {[%emt 0:02:18]} 8. Nc3 {[%emt 0:00:01]} Bd6 {[%emt 0:01:38]} 9. Nge2 {[%emt 0:05:27]} O-O {[%emt 0:06:57]} 10. O-O {[%emt 0:00:55]} Ra7 {[%emt 0:06:01]} 11. a4 {[%emt 0:00:14]} b6 {[%emt 0:01:33]} 12. f4 {[%emt 0:00:08]} Bb7 {[%emt 0:02:20]} 13. d3 {[%emt 0:05:19]} Nc6 {[%emt 0:05:30]} 14. Qd2 {[%emt 0:04:05]} Nd4 {[%emt 0:04:53]} 15. Bxb7 {[%emt 0:00:47]} Nxe2+ {[%emt 0:03:02]} 16. Qxe2 {[%emt 0:01:00]} Qxc3 {[%emt 0:09:15]} 17. Bf3 {[%emt 0:00:54]} 1/2-1/2